Capital to Country Click Quiz - South America - Statistics

General Stats
  • This quiz has been taken 101 times
    79 since last reset
  • The average score is 11 of 12
Answer Stats
Hint Answer % Correct
Buenos Aires Argentina
96%
Brasília Brazil
96%
Bogotá Colombia
95%
Santiago Chile
93%
Lima Peru
93%
Caracas Venezuela
93%
Georgetown Guyana
91%
Montevideo Uruguay
91%
Quito Ecuador
89%
La Paz/Sucre Bolivia
87%
Asunción Paraguay
87%
Paramaribo Suriname
85%
No matching quizzes found
Score Distribution
Percent of People with Each Score
Percentile by Number Answered
Your Score History
You have not taken this quiz since the last reset